Knut Wicksell
Život a dielo významného švédskeho ekonóma Knuta Wicksella. Wicksellove ekonomické názory - teória hraničnej produktivity, kapitálu a úroku, monetárna teória, teória verejných financií. Vybrané práce K. Wicksella.
Salvato in:
| Autore principale: | |
|---|---|
| Natura: | Capitolo di libro |
| Lingua: | slovacco |
| Soggetti: | |
| Tags: |
Nessun Tag, puoi essere il primo ad aggiungerne!!
|
MARC
| LEADER | 00000naa a2200000 4500 | ||
|---|---|---|---|
| 001 | r048793 | ||
| 005 | 20240502071343.4 | ||
| 041 | 0 | |a slo | |
| 044 | |a SK | ||
| 245 | 1 | 0 | |a Knut Wicksell |c Anetta Čaplánová |
| 520 | |a Život a dielo významného švédskeho ekonóma Knuta Wicksella. Wicksellove ekonomické názory - teória hraničnej produktivity, kapitálu a úroku, monetárna teória, teória verejných financií. Vybrané práce K. Wicksella. | ||
| 610 | 2 | 0 | |a teórie ekonomické |
| 610 | 2 | 0 | |a ekonómovia |
| 610 | 2 | 0 | |a Wicksell, K. |
| 610 | 2 | 0 | |a životopisy |
| 610 | 2 | 0 | |a teória produktivity hraničnej |
| 610 | 2 | 0 | |a financie verejné |
| 610 | 2 | 0 | |a teória peňažná |
| 610 | 2 | 0 | |a mena |
| 610 | 2 | 0 | |a miera úroková |
| 610 | 2 | 0 | |a cykly hospodárske |
| 100 | 1 | |a Čaplánová, Anetta, 1967- | |